<?xml version="1.0" encoding="UTF-8"?>
<record
    xmlns:xsi="http://www.w3.org/2001/XMLSchema-instance"
    xsi:schemaLocation="http://www.loc.gov/MARC21/slim http://www.loc.gov/standards/marcxml/schema/MARC21slim.xsd"
    xmlns="http://www.loc.gov/MARC21/slim">

  <leader>00607    a2200145   4500</leader>
  <datafield tag="082" ind1=" " ind2=" ">
    <subfield code="a">624.1762 SCH</subfield>
  </datafield>
  <datafield tag="090" ind1=" " ind2=" ">
    <subfield code="c">2767</subfield>
    <subfield code="d">2767</subfield>
  </datafield>
  <datafield tag="100" ind1=" " ind2=" ">
    <subfield code="a">SCNEIDER, S. AND H.M LEE</subfield>
    <subfield code="9">43121</subfield>
  </datafield>
  <datafield tag="245" ind1=" " ind2=" ">
    <subfield code="a">BEHAVIOR OF A PIPING SYSEM UNDER EXCITATION</subfield>
    <subfield code="b">EXPERIMENTAL INVESTIGATION OF A SPATIAL PIPING SYSTEMS SUPPORTED BY MECHANICAL SHOCK ARRESTORS AND STEEL ENERGY ABSORBING DEVICS UNDER SEISMIC EXCITATION</subfield>
  </datafield>
  <datafield tag="260" ind1=" " ind2=" ">
    <subfield code="a">CALIFORNIA</subfield>
    <subfield code="b">REPORT OF ELECTRIC RESEARCH INSITUTE</subfield>
    <subfield code="c">1982</subfield>
  </datafield>
  <datafield tag="300" ind1=" " ind2=" ">
    <subfield code="a">VII, 170P.</subfield>
    <subfield code="c">26CM</subfield>
  </datafield>
  <datafield tag="500" ind1=" " ind2=" ">
    <subfield code="a">SEISMICS EXCITATION</subfield>
  </datafield>
  <datafield tag="526" ind1=" " ind2=" ">
    <subfield code="a">0</subfield>
    <subfield code="b">0</subfield>
    <subfield code="c">0</subfield>
    <subfield code="d">624_176200000000000_SCH</subfield>
  </datafield>
  <datafield tag="942" ind1=" " ind2=" ">
    <subfield code="2">ddc</subfield>
    <subfield code="a">MCE</subfield>
    <subfield code="c">D</subfield>
    <subfield code="k">624.1762 SCH</subfield>
  </datafield>
  <datafield tag="999" ind1=" " ind2=" ">
    <subfield code="c">546917</subfield>
    <subfield code="d">546917</subfield>
  </datafield>
  <datafield tag="952" ind1=" " ind2=" ">
    <subfield code="0">0</subfield>
    <subfield code="1">0</subfield>
    <subfield code="2">ddc</subfield>
    <subfield code="4">0</subfield>
    <subfield code="7">0</subfield>
    <subfield code="a">MCE</subfield>
    <subfield code="b">MCE</subfield>
    <subfield code="d">2014-06-23</subfield>
    <subfield code="l">0</subfield>
    <subfield code="o">624.1762 SCH</subfield>
    <subfield code="p">MCE-29652</subfield>
    <subfield code="r">2014-06-23</subfield>
    <subfield code="w">2014-06-23</subfield>
    <subfield code="y">D</subfield>
  </datafield>
</record>
